My Top 10 NBA Players of All Time - Statistics

General Stats
  • This quiz has been taken 21 times
  • The average score is 9 of 10
Answer Stats
Team Answer % Correct
Lakers Kobe Bryant 1
100%
Cavaliers Lebron James 4
100%
Bulls Micheal Jordan 2
100%
Celtics Larry Bird 8
95%
Lakers Shaquille O'neal 6
95%
Warriors Stephen Curry 3
95%
Lakers Magic Johnson 9
90%
Spurs Tim duncan 10
90%
Bucks Kareem Abdul-Jabar 7
81%
Warriors Kevin Durant 5
81%
No matching quizzes found
Score Distribution
Percent of People with Each Score
Percentile by Number Answered
Your Score History
You have not taken this quiz